Loading...
| History - World | 1 | 3 | 0 | 1 | 45 | 67 | 101.75 | 0 | 3 | 5.41 | 17.09 |
| Literature - World | 1 | 0 | 0 | 0 | 15 | 65 | 65.00 | 0 | 1 | 3.92 | 5.71 |
| Social Science | 0 | 2 | 1 | 0 | 15 | 112 | 115.00 | 0 | 0 | 1.02 | 3.51 |
| History - European | 0 | 2 | 1 | 0 | 15 | 119 | 122.00 | 0 | 0 | 1.23 | 5.71 |
| Visual Arts | 0 | 1 | 0 | 1 | 10 | 140 | 140.00 | 0 | 0 | 0.05 | 0.71 |
| Science - Chemistry | 0 | 1 | 0 | 0 | 10 | 132 | 132.00 | 0 | 0 | 0.16 | 4.17 |
| Science - Other | 0 | 1 | 1 | 0 | 5 | 85 | 85.00 | 0 | 0 | 1.92 | 1.52 |
| History - Ancient | 0 | 1 | 1 | 1 | 5 | 140 | 140.00 | 0 | 0 | 0.38 | 3.03 |
| History - American | 0 | 1 | 2 | 0 | 0 | 99 | 99.00 | 0 | 0 | 1.66 | 5.00 |
| Science - Physics | 0 | 0 | 0 | 0 | 0 | 0.00 | 0 | 0 | 0.00 | 0.00 | |
| Literature - American | 0 | 0 | 0 | 0 | 0 | 0.00 | 0 | 0 | 0.00 | 0.00 |